| 000 | 00552 a2200217 4500 | ||
|---|---|---|---|
| 005 | 20250421145853.0 | ||
| 008 | 250421b |||||||| |||| 00| 0 eng d | ||
| 020 |
_a9789357461641 _cRs. 3795.00 |
||
| 040 | _aMAIN | ||
| 082 |
_a612 _bT638P(16) |
||
| 100 | _aTortora, Gerard J | ||
| 245 | _aPrinciples of anatomy and hysiology | ||
| 250 | _a16th | ||
| 260 |
_bWiley India _c2024 _aNew Delhi |
||
| 300 | _av. | ||
| 650 | _aPhrarmaceutical Science | ||
| 650 | _xAnatomy | ||
| 650 | _xPhysiology | ||
| 700 | _aDerrickson, Bryan H | ||
| 942 | _cBK | ||
| 999 |
_c360794 _d360794 |
||